Městský informační management
Uložené v:
| Hlavný autor: | |
|---|---|
| Médium: | Kniha |
| Jazyk: | Czech |
| Vydavateľské údaje: |
Praha
GRADA
2000
|
| Edícia: | Města a obce
|
| Predmet: | |
| Tagy: |
Žiadne tagy, Buďte prvý, kto otaguje tento záznam!
|
MARC
| LEADER | 00000nam a2200000 4500 | ||
|---|---|---|---|
| 001 | c118031 | ||
| 005 | 20221108093243.0 | ||
| 020 | |a 80-7169-554-8 | ||
| 041 | 0 | |a cze | |
| 044 | |a CZ | ||
| 245 | 1 | 0 | |a Městský informační management |c Martin Lukáš |
| 264 | 1 | |a Praha |b GRADA |c 2000 | |
| 300 | |a 314 s. | ||
| 490 | 1 | |a Města a obce | |
| 830 | 0 | |a Města a obce | |
| 610 | 2 | 0 | |a manažment informačný |
| 610 | 2 | 0 | |a mestá |
| 610 | 2 | 0 | |a správa verejná |
| 610 | 2 | 0 | |a legislatíva |
| 610 | 2 | 0 | |a komunikácia |
| 610 | 2 | 0 | |a spoločnosť informačná |
| 100 | 1 | |a Lukáš, Martin | |